|
|
|
|
| LEADER |
00000nam a2200000 a 4500 |
| 003 |
Ucuenca |
| 005 |
20230308195950.0 |
| 008 |
010062|2010 ||||||||r|||||||||||spa|| |
| 040 |
|
|
|b spa
|
| 041 |
0 |
|
|a es
|
| 082 |
1 |
|
|a .
|c TPSE-143
|
| 100 |
1 |
|
|a Calle Narváez, Diana Isabel
|9 165647
|
| 245 |
|
|
|a Violencia sexual y su relación con el desarrollo afectivo en los niños y niñas
|c Diana isabel Calle Narváez. Directora Verónica Pinos Vélez
|h cd
|
| 264 |
|
|
|a Cuenca
|c 2010
|
| 300 |
|
|
|a 86 páginas:
|b ilu
|c 18 cm
|
| 502 |
|
|
|a Licenciada en Ciencias de la Educación. Especialidad Psicología Educativa
|b Universidad de Cuenca
|c psi
|d Pinos Vélez, Verónica Patricia, dir.
|
| 504 |
|
|
|a incl. ref.
|
| 520 |
3 |
|
|a Recopilando toda la información se trató de resumir lo más claro posible a que hace referencia la violencia sexual y su relación en el desarrollo afectivo.
|
| 650 |
|
0 |
|a Violencia sexual
|9 2614
|
| 650 |
|
0 |
|a Violencia infantil
|9 95714
|
| 650 |
|
0 |
|a Tesis en psicologia educativa
|9 225068
|
| 852 |
|
|
|a UC-CDJBV
|f Donación
|l 1
|m Limitada
|p 20100624
|q 1,00
|t TPS-672
|b 1
|d CDRC
|e CDRC
|g ESTANTERIA CERRADA
|u http://nas.ucuenca.edu.ec/BibliotecaDigital/ebooks/tps672.pdf
|z 2010-00-62
|
| 856 |
|
|
|u http://nas.ucuenca.edu.ec/BibliotecaDigital/ebooks/tpse143.pdf
|
| 942 |
|
|
|c TS
|2 ddc
|
| 999 |
|
|
|c 90569
|d 90569
|